| 000 | 00888nam a2200265 i 4500 | ||
|---|---|---|---|
| 001 | bg | ||
| 100 | 1 |
_aDror, Yehezkel _d(1928- ). |
|
| 245 | 1 | 0 |
_aZdolność do rządzenia : _braport dla Klubu Rzymskiego / _cYehezkel Dror ; tł. na jęz. pol. Anna Hleb-Kozioł, Maria Florczykowska. |
| 246 |
_iTyt. oryg. : _aThe |capicity to govern : _ba report to the Club of Rome |
||
| 260 |
_aBiałystok : _bWyższa Szkoła Administracji Publicznej im. Stanisława Staszica, _c2006. |
||
| 300 |
_a296 s. ; _c24 cm |
||
| 504 | _aBibliogr. s. 267-296. | ||
| 650 | 9 | _aGlobalizacja | |
| 650 | 9 | _aWładza | |
| 700 | 1 |
_aHleb-Kozioł, Anna. _eTł. |
|
| 700 | 1 |
_aFlorczykowska, Maria. _eTł. |
|
| 020 | _a8392259947 | ||
| 040 | _cBPK | ||
| 041 | 1 |
_apol _heng |
|
| 044 | _aPOL | ||
| 080 | _a321.01:316.334.2 | ||
| 920 | _a83-922599-4-7 | ||
| 942 | _cKS | ||
| 008 | s pl f |000 0 pol | ||
| 999 |
_c54151 _d54151 |
||
| 856 |
_uhttp://koha.tu.koszalin.pl/cgi-bin/koha/opac-detail.pl?biblionumber=54151 _yKatalog online BPK |
||